|
|
|
|
| LEADER |
01785cam a22004094a 4500 |
| 001 |
37632 |
| 003 |
BD-DhAAL |
| 005 |
20220203123520.0 |
| 008 |
220203t2005 caua b 001 0 eng |
| 999 |
|
|
|c 43452
|d 43452
|
| 010 |
|
|
|a 2005001290
|
| 020 |
|
|
|a 0761933484 (hard back)
|
| 020 |
|
|
|a 0761933492 (paper back)
|
| 020 |
|
|
|a 8178294850
|
| 020 |
|
|
|a 8178294869
|
| 040 |
|
|
|a DLC
|c DLC
|d DLC
|d BD-DhAAL
|
| 042 |
|
|
|a pcc
|
| 043 |
|
|
|a a-ii---
|
| 050 |
0 |
0 |
|a LA1151
|b .E367 2005
|
| 082 |
0 |
0 |
|a 370.954
|2 22
|
| 245 |
0 |
0 |
|a Educational regimes in contemporary India /
|c edited by Radhika Chopra and Patricia Jeffery ; in collaboration with Helmut Reifeld.
|
| 260 |
|
|
|a New Delhi ; Thousand Oaks, CA :
|b Sage Pub.,
|c 2005.
|
| 300 |
|
|
|a 346 pages :
|b illustrations ;
|c 23 cm.
|
| 500 |
|
|
|a "Konrad-Adenaur-Stiftung; ESRC, Economic & Social Research Council."
|
| 504 |
|
|
|a Includes bibliographical references (p. [316]-331) and index.
|
| 541 |
|
|
|a Complimentary copy From BIED 37631
|e 37632
|
| 650 |
|
0 |
|a Education
|z India.
|9 45409
|
| 650 |
|
0 |
|a Education and state
|z India.
|9 45410
|
| 700 |
1 |
|
|a Chopra, Radhika.
|9 45411
|
| 700 |
1 |
|
|a Jeffery, Patricia,
|d 1947-
|9 45412
|
| 700 |
1 |
|
|a Reifeld, Helmut.
|9 45413
|
| 710 |
2 |
|
|a Konrad-Adenauer-Stiftung (New Delhi, India)
|9 45414
|
| 710 |
2 |
|
|a Economic and Social Research Council (Great Britain)
|9 45415
|
| 856 |
4 |
1 |
|3 Table of contents only
|u http://www.loc.gov/catdir/toc/ecip056/2005001290.html
|
| 856 |
4 |
2 |
|3 Publisher description
|u http://www.loc.gov/catdir/enhancements/fy0658/2005001290-d.html
|
| 942 |
|
|
|2 ddc
|c BK
|
| 952 |
|
|
|0 0
|1 0
|2 ddc
|4 0
|6 370_954000000000000_EDU
|7 0
|9 69719
|a BRACUL
|b BRACUL
|c GEN
|d 2022-02-03
|e Complimentary copy from BIED
|l 0
|o 370.954 EDU
|p 3010037632
|r 2022-02-03
|t 1
|w 2022-02-03
|y BK
|x Transferred from BIED to General Stacks
|